| 000 | 00807nam a2200241 a 4500 | ||
|---|---|---|---|
| 005 | 20240911064628.0 | ||
| 008 | 991125s19921998mad 000 0 spa u | ||
| 020 | _a8471123126 | ||
| 035 | _aUPN01000042436 | ||
| 049 | _aCG | ||
| 050 | 4 |
_aBF323 O3 _bZ5.68 1992 |
|
| 100 | 1 | _aZimmermann, D. | |
| 245 | 1 | 0 |
_aObservación y comunicación no verbal en la escuela infantil / _cD. Zimmermann. |
| 250 | _a2a ed. | ||
| 260 |
_aMadrid : _bMinisterio de Educación y Cultura, _bMorata, _c1992(1998 impr.). |
||
| 300 | _a158 p. | ||
| 440 | 0 |
_aPedagogía _pEducación infantil y primaria |
|
| 590 | _a(También localizas un ejemplar en el "Area de Reserva") | ||
| 590 | _aBibliografía Básica (BGTQ) | ||
| 650 | 4 |
_aComunicación en la educación _91520 |
|
| 650 | 4 | _aOBSERVACION (PSICOLOGIA) | |
| 905 | _aLibro | ||
| 999 |
_c42436 _d42436 |
||